000
00301nam a22001217a 4500
020
_a
978-0-706-99777-4
082
_a
658.15
100
_a
Pandey, I. M.
245
_a
Essentials of Finance Management
260
_a
New Delhi:
_b
Vikas Publishing,
_c
2008
300
_a
xiii, 486p.: il.; 24cm
942
_c
BK
999
_c
22212
_d
22212